<?xml version="1.0" encoding="UTF-8"?>
<record
    xmlns:xsi="http://www.w3.org/2001/XMLSchema-instance"
    xsi:schemaLocation="http://www.loc.gov/MARC21/slim http://www.loc.gov/standards/marcxml/schema/MARC21slim.xsd"
    xmlns="http://www.loc.gov/MARC21/slim">

  <leader>03494nam a22003614a 4500</leader>
  <controlfield tag="001">ebr10428918</controlfield>
  <controlfield tag="003">CaPaEBR</controlfield>
  <controlfield tag="006">m        u        </controlfield>
  <controlfield tag="007">cr cn|||||||||</controlfield>
  <controlfield tag="008">080919s2009    caua    sb    001 0 eng c</controlfield>
  <datafield tag="010" ind1=" " ind2=" ">
    <subfield code="z">  2008041298</subfield>
  </datafield>
  <datafield tag="020" ind1=" " ind2=" ">
    <subfield code="z">9780804753586 (cloth : alk. paper)</subfield>
  </datafield>
  <datafield tag="040" ind1=" " ind2=" ">
    <subfield code="a">CaPaEBR</subfield>
    <subfield code="c">CaPaEBR</subfield>
  </datafield>
  <datafield tag="035" ind1=" " ind2=" ">
    <subfield code="a">(OCoLC)697631964</subfield>
  </datafield>
  <datafield tag="043" ind1=" " ind2=" ">
    <subfield code="a">e-sp---</subfield>
    <subfield code="a">e-po---</subfield>
    <subfield code="a">cl-----</subfield>
  </datafield>
  <datafield tag="050" ind1="1" ind2="4">
    <subfield code="a">Q127.L38</subfield>
    <subfield code="b">S36 2009eb</subfield>
  </datafield>
  <datafield tag="082" ind1="0" ind2="4">
    <subfield code="a">509.03</subfield>
    <subfield code="2">22</subfield>
  </datafield>
  <datafield tag="245" ind1="0" ind2="0">
    <subfield code="a">Science in the Spanish and Portuguese empires, 1500-1800</subfield>
    <subfield code="h">[electronic resource] /</subfield>
    <subfield code="c">edited by Daniela Bleichmar ... [et al.].</subfield>
  </datafield>
  <datafield tag="260" ind1=" " ind2=" ">
    <subfield code="a">Stanford, Calif. :</subfield>
    <subfield code="b">Stanford University Press,</subfield>
    <subfield code="c">c2009.</subfield>
  </datafield>
  <datafield tag="300" ind1=" " ind2=" ">
    <subfield code="a">vi, 427 p. :</subfield>
    <subfield code="b">ill.</subfield>
  </datafield>
  <datafield tag="504" ind1=" " ind2=" ">
    <subfield code="a">Includes bibliographical references (p. [325]- 417) and index.</subfield>
  </datafield>
  <datafield tag="505" ind1="0" ind2=" ">
    <subfield code="a">Reassessing the role of Iberia in early modern science. Science, medicine, and technology in colonial Spanish America : new interpretations, new approaches / David Goodman -- Portuguese imperial science, 1450-1800 : a historiographical review / Palmira Fontes da Costa and Henrique Leitao. New worlds, new sciences. Cosmography at the casa, consejo, and corte during the century of discovery / Mar&#xFFFD;ia M. Portuondo -- Science during the Portuguese maritime discoveries : a telling case of interaction between experimenters and theoreticians / On&#xFFFD;esimo T. Almeida -- Baroque natures : Juan E. Nieremberg, American wonders, and preterimperial natural history / Juan Pimentel. Knowledge production : local contexts, global empires. Cosmopolitanism and scientific reason in New Spain : Carlos de Sig&#xFFFD;uenza y G&#xFFFD;ongora and the dispute over the 1680 comet / Anna More -- Medical mestizaje and the politics of pregnancy in colonial Guatemala, 1660-1730 / Martha Few -- "Read all about it" : science, translation, adaptation, and confrontation in the Gazeta de literatura de M&#xFFFD;exico, 1788-1795 / Fiona Clark -- The Indies of knowledge, or the imaginary geography of the discoveries of gold in Brazil / J&#xFFFD;unia Ferreira Furtado -- Space production and Spanish imperial geopolitics / Nuria Valverde and Antonio Lafuente. Commerce, curiosities, and the circulation of knowledge. Knowledge and empiricism in the sixteenth-century Spanish Atlantic world / Antonio Barrera-Osorio -- Voyaging in the Spanish baroque : science and patronage in the Pacific voyage of Pedro Fern&#xFFFD;andez de Quir&#xFFFD;os, 1605-1606 / Kevin Sheehan -- Acquisition and circulation of medical knowledge within the early modern Portuguese colonial empire / Timothy Walker -- The rare, the singular, and the extraordinary : natural history and the collection of curiosities in the Spanish empire / Paula De Vos -- A visible and useful empire : visual culture and colonial natural history in the eighteenth-century Spanish world / Daniela Bleichmar.</subfield>
  </datafield>
  <datafield tag="533" ind1=" " ind2=" ">
    <subfield code="a">Electronic reproduction.</subfield>
    <subfield code="b">Palo Alto, Calif. :</subfield>
    <subfield code="c">ebrary,</subfield>
    <subfield code="d">2013.</subfield>
    <subfield code="n">Available via World Wide Web.</subfield>
    <subfield code="n">Access may be limited to ebrary affiliated libraries.</subfield>
  </datafield>
  <datafield tag="650" ind1=" " ind2="0">
    <subfield code="a">Science</subfield>
    <subfield code="z">Latin America</subfield>
    <subfield code="x">History.</subfield>
  </datafield>
  <datafield tag="650" ind1=" " ind2="0">
    <subfield code="a">Science</subfield>
    <subfield code="z">Spain</subfield>
    <subfield code="x">Colonies</subfield>
    <subfield code="x">History.</subfield>
  </datafield>
  <datafield tag="650" ind1=" " ind2="0">
    <subfield code="a">Science</subfield>
    <subfield code="z">Portugal</subfield>
    <subfield code="x">Colonies</subfield>
    <subfield code="x">History.</subfield>
  </datafield>
  <datafield tag="650" ind1=" " ind2="0">
    <subfield code="a">Science</subfield>
    <subfield code="z">Latin America</subfield>
    <subfield code="x">Historiography.</subfield>
  </datafield>
  <datafield tag="651" ind1=" " ind2="0">
    <subfield code="a">Latin America</subfield>
    <subfield code="x">History</subfield>
    <subfield code="y">To 1830.</subfield>
  </datafield>
  <datafield tag="655" ind1=" " ind2="7">
    <subfield code="a">Electronic books.</subfield>
    <subfield code="2">local</subfield>
  </datafield>
  <datafield tag="700" ind1="1" ind2=" ">
    <subfield code="a">Bleichmar, Daniela,</subfield>
    <subfield code="d">1973-</subfield>
  </datafield>
  <datafield tag="710" ind1="2" ind2=" ">
    <subfield code="a">ebrary, Inc.</subfield>
  </datafield>
  <datafield tag="856" ind1="4" ind2="0">
    <subfield code="u">http://site.ebrary.com/lib/rucke/Doc?id=10428918</subfield>
    <subfield code="z">An electronic book accessible through the World Wide Web; click to view</subfield>
  </datafield>
  <datafield tag="999" ind1=" " ind2=" ">
    <subfield code="c">232628</subfield>
    <subfield code="d">232628</subfield>
  </datafield>
</record>
